Statistics for Countries South Of The Equator Beginning With S,O,U,T,Or H

Click here to take the quiz!

General Stats

  • This quiz has been taken 23 times
    (13 since last reset)
  • The average score is 6 of 8

Answer Stats

Answer% Correct
Tuvalu
91%
Samoa
82%
South Africa
82%
Tonga
82%
Uruguay
73%
Swaziland
64%
Tanzania
64%
Seychelles
55%

Score Distribution

Percentile by Number Answered

Percent of People with Each Score

Your Score History

You have not taken this quiz since the last reset